000 00319nam a22001457a 4500
008 230912b ||||| |||| 00| 0 eng d
020 _a9780691033235
041 _aeng
080 _a521
082 _a521CIU
100 _a19
101 _aASTRO
245 _aGRAVITATION AND INERTIA
_cCIUFOLINI.I
942 _2udc
_cBK
999 _c60322
_d60322